|
|
|
|
| LEADER |
01136nam a2200253 a 4500 |
| 001 |
1352131 |
| 008 |
100210s1978 bg b f000 0 eng d |
| 010 |
|
|
|a 79902054
|
| 040 |
|
|
|a DLC
|c DLC
|d DLC
|d BD-DhAAL
|
| 082 |
0 |
0 |
|a 331.4/09549/2
|2 19
|
| 100 |
1 |
|
|a McCarthy, Florence E.
|
| 245 |
1 |
2 |
|a A working paper on rural women workers in Bangladesh :
|b problems and prospects /
|c by Florence E. McCarthy, Saleh Sabbah, Roushan Akhter.
|
| 260 |
|
|
|a Dacca :
|b Women's Section, Planning and Development Division, Ministry of Agriculture,
|c 1978.
|
| 300 |
|
|
|a 57 leaves ;
|c 29 cm.
|
| 500 |
|
|
|a Cover title: Rural women workers in Bangladesh.
|
| 504 |
|
|
|a Includes Bibliography (leaves 50-57.)
|
| 541 |
|
|
|e 00001422
|
| 650 |
|
0 |
|a Rural women
|x Employment
|z Bangladesh.
|
| 700 |
1 |
|
|a Sabbah, Saleh.
|
| 700 |
1 |
|
|a Akhter, Roushan.
|
| 740 |
0 |
|
|a Rural women workers in Bangladesh.
|
| 852 |
4 |
|
|a Ayesha Abed Library
|j General shelf
|
| 999 |
|
|
|c 7469
|d 7469
|
| 952 |
|
|
|0 0
|1 4
|2 ddc
|4 0
|6 331_409549200000000_MCC
|7 0
|9 8035
|a BRACUL
|b BRACUL
|c GEN
|d 2010-02-11
|g 0.00
|l 0
|o 331.4095492 MCC
|p 3010001422
|r 2010-02-11
|t 1
|w 2010-02-11
|y BK
|z Not price in Register
|x Koha Inventory 2020
|